Statistiques concernant Les meilleurs buteurs en Ligue 1 (depuis 2008)

Cliquez ici pour prendre le quiz!

Statistiques générales

  • Ce quiz a été pris 614 fois
  • Le résultat moyen est 16 sur 30

Statistiques - réponses

Clubs pour lesquels ils ont marqué depuis 2008JoueursButs% Correct
ParisEdinson Cavani133
98%
ParisZlatan Ibrahimovic113
98%
Monaco / ParisKylian Mbappe55
94%
LyonAlexandre Lacazette100
91%
Toulouse / MarseilleAndré Pierre Gignac91
84%
Saint Etienne / Lyon / MarseilleBafetimbi Gomis94
81%
Bastia / MarseilleFlorian Thauvin75
76%
ToulouseWissam Ben Yedder63
73%
Saint Etienne / Lille / MarseilleDimitri Payet66
72%
MonacoRadamel Falcao62
65%
Lorient / ParisKevin Gameiro69
63%
LyonNabil Fekir54
60%
Brest / Lille / Saint Etienne / Metz / GuingampNolan Roux71
59%
Rennes / Lyon / Guingamp / BordeauxJimmy Briand44
57%
LyonLisandro Lopez59
56%
Sochaux / Paris / Rennes / Saint Etienne / Guingamp / MetzMevlut Erding79
49%
Monaco / Nice / MarseilleValere Germain45
49%
Bordeaux / Caen / NantesEmiliano Sala48
39%
Bordeaux / MetzCheick Diabaté58
33%
Bastia / Bordeaux / Rennes / Saint EtienneWahbi Khazri48
32%
Nice / Marseille / LilleLoic Remy57
31%
Caen / Saint EtienneRomain Hamouma46
31%
Monaco / ParisNene50
28%
Rennes / LilleMoussa Sow43
27%
MontpellierSouleymane Camara50
26%
Lorient / MarseilleAndré Ayew47
22%
Valenciennes / GazélecGregory Pujol50
19%
Saint Etienne / ToulouseMax Alain Gradel49
19%
Nancy / Rennes / CaenJulien Feret46
14%
Monaco / Nancy / Reims / LorientBenjamin Moukandjo47
11%

Distribution des résultats

Percentile par nombre de réponses

% des personnes avec chaque résultat

Votre développement - résultats

Vous n’avez pas pris ce quiz